Analýza ukazovateľov finančnej výkonnosti podniku diplomová práca

Saved in:
Bibliographic Details
Main Author: Gulačová, Silvia
Corporate Author: Fakulta podnikového manažmentu EU. Katedra podnikových financií
Other Authors: Smorada, Marián, 1984-
Format: Book
Language:Slovak
Published: Bratislava 2016
Tags: Add Tag
No Tags, Be the first to tag this record!

MARC

LEADER 00000nbm a2200000 4500
001 0218506
005 20170220101815.5
041 0 |a slo 
044 |a SK 
245 1 0 |a Analýza ukazovateľov finančnej výkonnosti podniku  |b diplomová práca  |c Silvia Gulačová ; školiteľ: Marián Smorada 
264 1 |a Bratislava  |c 2016 
300 |a 82 s. 
100 1 |a Gulačová, Silvia 
700 1 |a Smorada, Marián, 1984- 
710 2 |a Fakulta podnikového manažmentu EU. Katedra podnikových financií